Diễn đàn bảo tồn thiên nhiên và văn hóa vì sự phát triển bền vững vùng Đồng bằng sông Cửu Long : Kỷ yếu diễn đàn II - Kiên Giang, 23/6/2010

Giới thiệu về diễn đàn bảo tồn thiên nhiên và văn hóa vì sự phát triển bền vững Đồng bằng sông Cửu Long lần thứ II với chủ đề chính Đa dạng sinh học, biến đổi khí hậu ở vùng Đồng bằng sông Cửu Long...

Täydet tiedot

Tallennettuna:
Bibliografiset tiedot
Päätekijä: Nguyễn, Hoàng Trí
Aineistotyyppi: Kirja
Kieli:Undetermined
Julkaistu: Hà Nội WWF Chương trình Việt Nam 2010
Aiheet:
Tagit: Lisää tagi
Ei tageja, Lisää ensimmäinen tagi!
Thư viện lưu trữ: Trung tâm Học liệu Trường Đại học Cần Thơ
LEADER 01135nam a2200205Ia 4500
001 CTU_240011
008 210402s9999 xx 000 0 und d
082 |a 363.7 
082 |b Tr300 
100 |a Nguyễn, Hoàng Trí 
245 0 |a Diễn đàn bảo tồn thiên nhiên và văn hóa vì sự phát triển bền vững vùng Đồng bằng sông Cửu Long : 
245 0 |b Kỷ yếu diễn đàn II - Kiên Giang, 23/6/2010 
245 0 |c Nguyễn Hoàng Trí, Hoàng Việt (Chủ biên) 
260 |a Hà Nội 
260 |b WWF Chương trình Việt Nam 
260 |c 2010 
520 |a Giới thiệu về diễn đàn bảo tồn thiên nhiên và văn hóa vì sự phát triển bền vững Đồng bằng sông Cửu Long lần thứ II với chủ đề chính Đa dạng sinh học, biến đổi khí hậu ở vùng Đồng bằng sông Cửu Long 
650 |a Bảo vệ môi trường,Environmental protection 
910 |b nthai 
980 |a Trung tâm Học liệu Trường Đại học Cần Thơ